00830nam a22001937a 4500999001700000005001700017010001300034020002300047035003300070037001300103100000900116245004000125260004400165300001900209942002600228952012200254952013000376952013000506 c64140d6414020181128145127.0 aB-126134 a8176211516c125.00 aB-126121, B-126134, B-126135 aDPLbENG aOsho aIn search of celebration /cby Osho aNew DelhibFull Circle Publishingc2004 a197p.c20 cms. 2ddccENh181.499mOSH 001040708NFICaZLSbZLSd2012-03-19g125.00l0o181.499 OSHpB-126121r2012-03-19 00:00:00v125.00w2012-03-19yEN 001040708NFICaYVbYVd2018-11-08eBPPD/PUBg125.00l0o181.499 OSHpB-126134r2018-11-08 00:00:00v125.00w2018-11-08yEN 001040708NFICaVVbVVd2018-11-28eBPPD/PUBg125.00l0o181.499 OSHpB-126135r2018-11-28 00:00:00v125.00w2018-11-28yEN